| 000 | 00618nam a2200217Ii 4500 | ||
|---|---|---|---|
| 003 | JO-AjNU | ||
| 008 | 230606s9999||||xx |||||||||||||| ||und|| | ||
| 020 | _a81-224-0873-7 | ||
| 040 |
_aJO-AjNU _beng _erda _cJO-AjNU |
||
| 041 | _aeng | ||
| 050 | 1 | 4 | _aT57.M57.2008 |
| 100 | 3 |
_amital,mohan , _eauthor _91081 |
|
| 245 | 0 | 0 | _aOptimization Methods in operations research and systems analysis |
| 250 | _a3 ed | ||
| 264 | 3 | 1 | _aNewdelhi:new age ,2008 |
| 300 | _a376p | ||
| 336 |
_atext _btxt _2rdacontent |
||
| 337 |
_aunmediated _bn _2rdamedia |
||
| 338 |
_avolume _bnc _2rdacarrier |
||
| 650 | 4 |
_aOPERATION PESEARCH _91082 |
|
| 999 |
_aE567 _c567 _d567 |
||